Reprezentanci Polski na Euro 2016 - nagła śmierć - Statystyki

Ogólne statystyki
  • Ten quiz został rozwiązany 327 razy
  • Średni wynik to 8 z 12
Answers on the Grid
Answers color-coded by a green-red scale on the quiz's grid according to % correct below.
Krzysztof Piątek
Robert Lewandowski
Tomasz Iwan
Arkadiusz Milik
Marcin Wasilewski
Grzegorz Krychowiak
Michał Żewłakow
Paweł Brożek
Artur Boruc
Seweryn Gancarczyk
Sławomir Peszko
Jakub Moder
Wojciech Szczęsny
Bartosz Kapustka
Rafał Augustyniak
Piotr Zieliński
Jan Bednarek
Kamil Glik
Wojciech Kowalczyk
Bartosz Salamon
Rafał Kurzawa
Filip Starzyński
Marek Koźmiński
Thiago Cionek
 
Statystyki odpowiedzi
Odpowiedź % Poprawnych
Robert Lewandowski
96%
Arkadiusz Milik
86%
Grzegorz Krychowiak
83%
Wojciech Szczęsny
78%
Piotr Zieliński
73%
Bartosz Kapustka
69%
Kamil Glik
68%
Sławomir Peszko
67%
Thiago Cionek
44%
Artur Boruc
43%
Bartosz Salamon
31%
Filip Starzyński
30%
Nie znaleziono quizów pasujących do podanych kryteriów
Rozkład punktacji
Procent ludzi z każdym wynikiem
Percentyl według liczby udzielonych odpowiedzi
Twoja historia wyników
Nie rozwiązałeś tego quizu